000 00306nam a2200109Ia 4500
008 201231s9999 xx 000 0 und d
100 _aGhezzi, Carlo, Jazayeri, Mehdi and Mandrioli, Dino
245 0 _aFundamentals of Software Engineering
260 _aNew Delhi
_bPrentice-Hall
300 _a573
942 _cBK
999 _c9784
_d9784